[Event "20th Dubai Open 2018"]
[Site "Dubai"]
[Date "2018.04.09"]
[Round "8"]
[White "Song, Yuxin"]
[Black "Tania, Sachdev"]
[Result "1/2-1/2"]
[WhiteElo "2075"]
[BlackElo "2407"]
[Annotator "TA"]
[PlyCount "73"]
[EventDate "2018.??.??"]
[EventType "swiss"]
[EventCountry "UAE"]
[SourceTitle "playchess.com"]
[Source "ChessBase"]
[SourceQuality "1"]

{[%evp 21,73,43,59,62,50,53,47,32,50,28,33,18,41,19,51,33,41,0,-7,0,-31,-66,-64,-77,0,0,0,0,0,-97,-85,-108,-114,-409,-161,-214,-183,-183,-189,-254,-60,-60,-60,-60,-60,-62,-64,-63,-40,-79,0,0,0,0]} 1. e4 c5 2. Nf3 e6 3. d4 cxd4 4. Nxd4 a6 5. c4 Nf6 6. Nc3 Qc7 7. Be2 b6 8. Be3 Bb7 9. f3 Be7 10. a3 d6 11. O-O O-O {LiveBook: 120 Games. B41: Sicilian: Kan Variation: 5 c4} 12. Qe1 (12. Qd2 Nbd7 13. a4 Rfe8 14. Rfc1 Ne5 15. a5 bxa5 16. Nb3 Rab8 17. Nxa5 Ba8 18. Na4 Qd8 19. Bd4 {0-1 (37) Bruzon Batista,L (2659)-Svidler,P (2727) Berlin 2015}) 12... Nbd7 13. Qf2 Rac8 {White is slightly better.} 14. Rfc1 Qb8 15. b4 Bd8 {[#]} 16. Nb3 $146 Bc7 17. g3 Rfe8 18. Bf1 h5 19. Nd2 d5 20. exd5 exd5 21. cxd5 h4 {[%cal Rh4g3]} 22. gxh4 Bxh2+ (22... Rxe3 $17 23. Qxe3 Bxh2+ 24. Kh1 Be5) 23. Qxh2 $11 Qxh2+ 24. Kxh2 Rxe3 25. Nde4 (25. Nce4 $1 $11) 25... Rxf3 $17 26. Bh3 {White wants to play Nxf6+.} Rc4 27. Kg2 $2 {[%mdl 8192] [#]} (27. Bg2 $17 {only move.} Re3 28. Nd6 Rcxc3 29. Rxc3 Rxc3 30. Nxb7) 27... Re3 $2 (27... Ne5 28. Nd2 Rcxc3 29. Nxf3 Rxf3) 28. Bxd7 (28. Bf5 {is a better defense.}) 28... Nxd7 $19 ({Much less strong is} 28... Nxe4 29. Nxe4 Rcxe4 30. Bc6 $17) 29. Kf2 Rh3 ({Inferior is} 29... Rexe4 30. Nxe4 Rxe4 31. Rc7 $16) 30. Nd6 {[#]} (30. Rh1 $142 Rd3 31. Rhd1 Rdxc3 32. Nxc3 Rxc3 33. Rac1 Rxc1 34. Rxc1 Bxd5 35. Rc7) 30... Rcxc3 $2 (30... Rg4 $1 $19 31. Nxb7 Ne5) 31. Rxc3 $15 Rxc3 32. Nxb7 $19 {KRN-KRN} Rc7 33. Nd6 Nf6 34. Rd1 g6 35. Rd4 b5 (35... Kg7 $17) 36. Ne4 $11 Rc2+ 37. Ke3 {Precision: White = 32%, Black = 56%.} 1/2-1/2

[Event "20th Dubai Open 2018"]
[Site "Dubai"]
[Date "2018.04.10"]
[Round "9"]
[White "Kryvoruchko, Yuriy"]
[Black "Kovalev, Vladislav"]
[Result "1/2-1/2"]
[WhiteElo "2703"]
[BlackElo "2648"]
[Annotator "TA"]
[PlyCount "67"]
[EventDate "2018.??.??"]
[EventType "swiss"]
[EventCountry "UAE"]
[SourceTitle "playchess.com"]
[Source "ChessBase"]
[SourceQuality "1"]

{[%evp 27,67,19,21,11,16,-9,24,20,11,3,40,33,46,35,51,32,50,33,57,37,72,47,50,0,0,0,0,0,0,-37,-37,-37,-37,-37,-37,-37,-37,-37,-37,-60,-35,-35]} 1. e4 e5 2. Nf3 Nc6 3. Bb5 {[%cal Bf1b5,Bb5a4,Ba4b3][%mdl 32]} a6 4. Ba4 Nf6 5. O-O Be7 6. Re1 b5 7. Bb3 O-O 8. c3 d6 9. h3 Na5 10. Bc2 c5 11. d4 Qc7 12. Nbd2 {[%cal Bb1d2,Bd2f1,Bf1g3][%mdl 32]} Be6 13. d5 Bd7 14. Nf1 {C97: Closed Ruy Lopez: Chigorin Defence: 11 d4 Qc7, sidelines} Nc4 {LiveBook: 15 Games} 15. N3h2 {[#]} Rfb8 $146 ({Predecessor:} 15... Rfc8 16. Ng3 Ne8 17. Ng4 Qd8 18. Nf5 Bg5 19. b3 Nb6 20. Bxg5 Qxg5 21. h4 Qd8 {0-1 (36) Klein,D (2391)-Ernst,S (2606) Amsterdam 2012}) 16. g4 {The position is equal.} g6 17. Ng3 Ne8 18. Rf1 Qd8 19. b3 Nb6 20. f4 exf4 21. Bxf4 Bf6 22. Qf3 Qe7 23. Rae1 (23. g5 {keeps more tension.} Be5 24. h4 a5 25. Rf2 a4 26. Raf1) 23... Be5 $1 24. Bxe5 dxe5 25. Qe3 c4 26. Rf2 Nc8 27. Ref1 Ncd6 28. b4 a5 {Strongly threatening ...axb4.Black is slightly better.} 29. a3 axb4 30. axb4 Ra3 31. Kg2 Rba8 32. Bd1 f6 33. Bc2 Ra1 34. Rxa1 {Precision: White = 40%, Black = 72%.} 1/2-1/2

[Event "20th Dubai Open 2018"]
[Site "Dubai"]
[Date "2018.04.10"]
[Round "9"]
[White "Akopian, Vladimir"]
[Black "Debashis, Das"]
[Result "1/2-1/2"]
[WhiteElo "2667"]
[BlackElo "2518"]
[Annotator "TA"]
[PlyCount "83"]
[EventDate "2018.??.??"]
[EventType "swiss"]
[EventCountry "UAE"]
[SourceTitle "playchess.com"]
[Source "ChessBase"]
[SourceQuality "1"]

{[%evp 20,83,14,1,1,8,7,0,0,0,0,0,8,8,5,6,11,11,8,9,25,22,25,25,25,23,35,14,25,25,25,25,25,25,25,25,25,25,25,6,13,13,13,13,13,13,13,13,13,13,13,13,33,0,10,0,15,15,15,15,15,15,15,15,15,0]} 1. Nf3 Nf6 2. g3 d5 3. Bg2 c6 4. c4 Bg4 5. Ne5 Bf5 6. cxd5 cxd5 7. Qa4+ {A11: English Opening: 1...c6} (7. Nc3 e6 8. Qa4+ Nbd7 9. g4 Bc2 10. Nxf7 Kxf7 11. Qxc2 Nxg4 12. Nxd5 Qh4 13. Qc7 Qxf2+ 14. Kd1 Ke8 15. Bf3 {1-0 (113) Skoberne,J (2553)-Akobian,V (2647) chess.com INT 2018}) 7... Nc6 8. Nc3 Bd7 9. Nxd7 Qxd7 10. O-O e6 11. d3 {LiveBook: 9 Games} Be7 12. Bd2 O-O 13. a3 Rac8 14. Rfc1 Rfd8 15. b4 Nd4 $146 16. Qd1 Ne8 17. e3 Nb5 18. Nxb5 Qxb5 19. Qb3 Nd6 20. a4 Qd7 21. b5 b6 22. Bf1 Nb7 23. d4 Rxc1 (23... g6 {keeps more tension.} 24. Bd3 Na5 25. Bxa5 bxa5 26. Qd1 h5) 24. Rxc1 Rc8 25. Rxc8+ Qxc8 26. Qc3 Qxc3 27. Bxc3 $11 {[%mdl 4096] Endgame KBB-KBN} f5 28. h3 h5 29. g4 hxg4 30. hxg4 g6 31. gxf5 gxf5 32. f3 Nd6 33. Bd3 Kf7 34. Kf2 Bg5 35. Ke2 Ke7 36. a5 Kd7 {The position is equal.} 37. a6 Kc7 38. Be1 Kd7 39. Bg3 Ke7 40. Be5 Kd7 41. Kf2 Ke7 42. Ke2 {Precision: White = 68%, Black = 67%.} 1/2-1/2

[Event "20th Dubai Open 2018"]
[Site "Dubai"]
[Date "2018.04.10"]
[Round "9"]
[White "Anton Guijarro, David"]
[Black "Ghaem Maghami, Ehsan"]
[Result "1/2-1/2"]
[WhiteElo "2653"]
[BlackElo "2523"]
[Annotator "TA"]
[PlyCount "136"]
[EventDate "2018.??.??"]
[EventType "swiss"]
[EventCountry "UAE"]
[SourceTitle "playchess.com"]
[Source "ChessBase"]
[SourceQuality "1"]

{[%evp 20,136,10,10,10,2,14,6,22,-18,0,0,0,5,15,14,12,0,12,0,0,0,0,0,0,-45,0,0,7,-10,14,6,6,6,0,0,35,28,14,7,22,18,50,36,39,7,16,0,39,24,74,62,74,50,62,61,59,34,32,10,35,20,50,31,27,12,68,53,81,16,87,86,125,22,6,0,55,94,158,147,86,42,46,-29,-45,-80,-80,-80,-80,-80,-79,-63,0,0,0,0,0,0,0,0,0,0,0,0,0,0,0,0,0,0,0,0,0,0,0,0,0,0,0]} 1. d4 Nf6 2. c4 e6 3. Nf3 Bb4+ 4. Nbd2 O-O 5. a3 Bxd2+ 6. Qxd2 b6 7. e3 Bb7 8. b4 d6 9. Bb2 a5 10. b5 Nbd7 11. Be2 {LiveBook: 8 Games} Qe7 {E14: Queen's Indian: Classical Variation (4 e3)} (11... Ne4 12. Qc2 f5 13. O-O Qe7 14. Rad1 Rae8 15. Ne1 Qh4 16. f3 Ng5 17. Nd3 Nf6 18. Nf4 Nf7 19. d5 {1-0 (51) Ludwig,D (2479)-Jovanovic,D (2402) Budapest 2013}) 12. a4 $146 ({Predecessor:} 12. O-O Ne4 13. Qc2 f5 14. Ne1 Qh4 15. f3 Ng5 16. d5 e5 17. f4 Ne4 18. Nf3 Qh6 19. Bd3 {1-0 (44) Schiendorfer,E (2333)-Vianin,P (2186) Switzerland 2011}) 12... Ne4 13. Qc2 f5 14. Rd1 Ng5 15. d5 Nxf3+ 16. Bxf3 e5 17. O-O Nc5 18. g3 Rae8 19. Bh5 g6 20. Bf3 {[%cal Bh5f3,Bf3g2,Bg2f1,Bf1e2][%mdl 32]} Bc8 21. Rde1 h5 22. Bg2 Kh7 23. f4 e4 24. Bd4 Kg8 25. Rd1 Kf7 26. Rf2 Nd7 27. Bf1 Nf6 28. Rg2 Rh8 29. h3 Rd8 30. Be2 Bd7 31. Kf2 Rh7 32. Rdg1 Rf8 33. Rd1 Ra8 34. Bc3 Ra7 35. Qd2 Qd8 36. Rh1 Qe7 37. Rhh2 Ra8 38. Qd4 Rah8 39. Rh1 Ra8 40. Rgg1 Rah8 41. Qd2 Bc8 42. Qb2 Kg7 (42... Rf8 $11) 43. Rd1 $14 Kf7 44. Qa1 ({White should play} 44. c5 $16) 44... Qd8 (44... Rf8 $11 {remains equal.}) 45. c5 bxc5 {[#]} 46. Bxa5 (46. h4 $1 $16) 46... h4 $11 47. Rdg1 Bb7 (47... Nxd5 $11 48. g4 fxg4 49. Bxg4 Bxg4 50. Rxg4 Qd7) 48. Bc3 $14 hxg3+ (48... Rg8 $142) 49. Rxg3 $16 Bxd5 50. Kg2 Rg8 51. Rd1 (51. a5 $14) 51... Be6 $11 52. b6 cxb6 {White must now prevent ...Nd5.} 53. Bxf6 Qxf6 54. Qxf6+ Kxf6 55. Rxd6 Ra8 (55... Rd7 $1 $15 56. Rxb6 Rgd8) 56. Bc4 $36 {[%mdl 2048] The position is equal. Black is under pressure.} Re7 57. Rxb6 Rxa4 58. Bxe6 $1 Rxe6 {[#]} 59. Rxg6+ $1 {[%mdl 512]} Kxg6 60. Rxe6+ {[%mdl 4096] Endgame KR-KR} Kf7 61. Re5 Kg6 62. Rxc5 Ra3 63. Kf2 Ra2+ 64. Kg3 Ra3 65. Rc6+ Kh5 66. Kf2 Ra2+ 67. Kg3 Ra3 68. Kf2 Ra2+ {Precision: White = 36%, Black = 48%.} 1/2-1/2

[Event "20th Dubai Open 2018"]
[Site "Dubai"]
[Date "2018.04.10"]
[Round "9"]
[White "Sethuraman, S.P"]
[Black "Jones, Gawain C B"]
[Result "1/2-1/2"]
[WhiteElo "2631"]
[BlackElo "2675"]
[Annotator "TA"]
[PlyCount "178"]
[EventDate "2018.??.??"]
[EventType "swiss"]
[EventCountry "UAE"]
[SourceTitle "playchess.com"]
[Source "ChessBase"]
[SourceQuality "1"]

{[%evp 22,178,54,43,41,32,49,58,63,42,54,49,43,54,43,38,34,35,50,55,52,54,45,32,52,36,88,0,47,37,42,26,64,64,63,63,55,-34,-45,-31,0,0,0,0,33,30,24,0,8,2,8,0,17,8,34,34,34,41,41,34,41,41,41,41,42,41,41,41,41,41,41,41,41,41,45,45,45,0,45,45,45,45,45,45,45,38,38,31,38,38,38,36,38,0,38,38,45,38,38,38,45,45,45,45,53,53,53,53,60,60,60,37,45,45,45,45,45,45,45,8,45,45,53,53,45,25,25,25,45,45,45,0,60,60,60,60,60,60,60,60,60,8,8,8,8,8,8,8,8,0,0,0,0,0,0,0,8,8,8]} 1. d4 Nf6 2. c4 g6 3. Nc3 Bg7 4. e4 d6 5. f3 O-O 6. Be3 c5 7. Nge2 Nc6 8. d5 Ne5 9. Ng3 h5 {[%cal Bh7h5,Bh5h4][%mdl 32]} 10. Be2 {E81: King's Indian: Sämisch: 6th move deviations (including 6 Be3 c6)} h4 11. Nf1 e6 12. Bg5 {LiveBook: 12 Games. And now f4 would win.White is slightly better.} exd5 (12... h3 13. Ne3 hxg2 14. Nxg2 exd5 15. Nxd5 Be6 16. Ngf4 Re8 17. h4 Ned7 {1-0 (37) Matlakov,M (2730)-Can,E (2604) Heraklio 2017}) 13. Nxd5 h3 14. gxh3 Bxh3 15. Ng3 Qa5+ $146 ({Predecessor:} 15... Nc6 16. Qd2 Be6 17. h4 Bxd5 18. cxd5 {1-0 (29) Lei,T (2531)-Bakalchuk,J (2400) Caleta 2018}) 16. b4 Qd8 17. bxc5 Qa5+ 18. Bd2 Qa6 19. Nc7 Qc6 20. Nxa8 Qxc5 21. Qb3 Rxa8 22. Bb4 Qb6 ({Don't play} 22... Qd4 $6 23. Rd1 $18) 23. O-O-O Rd8 {[#]} (23... Bg2 $14) 24. f4 ({White should try} 24. Bc3 $1 $16 Nfd7 25. Kb1) 24... Neg4 25. c5 Rc8 26. Bc4 (26. Kb1 $5 {[%cal Rc5b6]} dxc5 27. Be1 $11) 26... Qc7 27. Rxd6 {Black must now prevent e5.} b5 28. Bxf7+ $1 Qxf7 29. e5 ({Better is} 29. Rhd1 $1 $14 Bh6 30. Rd8+ Rxd8 31. Rxd8+ Kg7 32. Qxf7+ Kxf7 33. Bd2 Nxh2 34. c6) 29... Qxb3 $15 30. axb3 {[#] Hoping for Rhd1.} Bf8 (30... Ne8 $5 {[%cal Re8d6]} 31. Rxg6 Nf2 $11) 31. Rxf6 Nxf6 32. exf6 a5 33. Bxa5 Bxc5 {...Bb4+ is the strong threat.} 34. Kb1 Bd6 35. Bd2 Kf7 36. Re1 Bg2 37. f5 Bxg3 (37... Bd5 {with more complications.} 38. fxg6+ Kxg6 39. Re3 Bf4 40. Rd3 Bxb3 41. Rxb3 Bxd2 42. Rf3 Re8) 38. fxg6+ Kxg6 39. hxg3 Kxf6 $11 {[%mdl 4096] Endgame KRB-KRB} 40. Kb2 Kf5 41. Bf4 Be4 42. Bd6 Re8 43. Ka3 Re6 44. Rf1+ Kg5 45. Rd1 Bf3 46. Rd4 Be2 47. Kb4 Kf5 48. Rf4+ Kg6 49. Rd4 Kf5 50. Kc5 Re4 51. Rd2 Kg4 52. Bf4 Re8 53. b4 Re4 54. Bd6 Rc4+ 55. Kb6 Re4 56. Rd5 Bc4 57. Rd2 Be2 58. Ka5 Bc4 59. Rh2 Re6 60. Rh4+ Kf5 61. Rf4+ Kg6 62. Rd4 Kf5 63. g4+ Kg5 64. Bc7 Rc6 65. Bd8+ Kg6 66. Bb6 Kg5 67. Re4 Re6 68. Bd8+ Kg6 69. Rf4 Rd6 70. Bc7 Rc6 71. Bb6 Kg5 72. Be3 {White threatens Rxc4+ and mate.} Kg6 73. Bc5 Re6 74. Rd4 Be2 75. Bb6 Bc4 76. Bd8 Rc6 $1 77. g5 Kf5 78. Bf6 Re6 79. Rd8 Kg6 80. Rb8 (80. Rc8 {is more complex.} Kf5 81. Rc7 Re4 82. Rg7 Re6 83. Rf7) 80... Kf5 81. Rxb5+ (81. Rf8 $14) 81... Bxb5 {The position is equal.} 82. Kxb5 $14 {KR-KB} Re1 83. Kb6 {next b5 is good for White.} Ke6 84. b5 {With the idea Ka7.} Kd7 85. Kb7 Rg1 86. b6 Rg3 87. Kb8 Kc6 88. Bd8 Rxg5 89. Bxg5 {Threatening mate with Ka7.} Kxb6 {Precision: White = 63%, Black = 69%.} 1/2-1/2

[Event "20th Dubai Open 2018"]
[Site "Dubai"]
[Date "2018.04.10"]
[Round "9"]
[White "Yilmaz, Mustafa"]
[Black "Raghunandan, Kaumandur Srihari"]
[Result "1-0"]
[WhiteElo "2626"]
[BlackElo "2434"]
[Annotator "TA"]
[PlyCount "113"]
[EventDate "2018.??.??"]
[EventType "swiss"]
[EventCountry "UAE"]
[SourceTitle "playchess.com"]
[Source "ChessBase"]
[SourceQuality "1"]

{[%evp 15,113,34,32,34,33,24,26,11,14,18,14,14,15,18,26,31,16,8,6,8,11,8,8,15,23,14,28,-9,-9,-10,-8,0,0,-20,-24,-17,-6,-16,-20,-25,2,0,15,14,11,0,3,0,5,0,12,21,14,22,34,4,2,2,8,8,37,50,128,129,127,139,128,123,170,180,240,233,285,291,285,262,313,306,390,394,379,381,389,382,408,408,408,395,666,643,1169,1125,5406,4870,29980,29981,29981,29982,29981,29980]} 1. d4 {[%cal Bd2d4,Bd4d5][%mdl 32]} d6 2. Nf3 Nf6 3. c4 g6 4. Nc3 Bf5 5. d5 Bg7 6. Nd4 {E61: King's Indian: Early deviations for White, including Smyslov System} Bd7 7. e4 O-O 8. Be2 e6 {LiveBook: 4 Games} 9. O-O exd5 10. cxd5 $146 ({Predecessor:} 10. exd5 Na6 11. Nb3 Re8 12. Be3 Ne4 13. Nxe4 Rxe4 {0-1 (32) Bai,J (2556)-Wei,Y (2743) Shenzhen 2017}) 10... Re8 11. Bf3 c5 12. dxc6 Nxc6 13. Ndb5 Ne5 14. Be2 Bxb5 15. Bxb5 Nc6 16. Bc4 Na5 17. Bd3 d5 {[%cal Rf6e4]} 18. Bb5 Re7 19. exd5 Re5 {[%cal Rf6d5]} 20. d6 Re6 21. Bg5 a6 22. Be2 Rxd6 23. Qc1 Nc6 24. Rd1 Nd4 25. Bf1 Ne6 26. Bh4 Rxd1 27. Qxd1 Qxd1 (27... Qb6 {feels hotter.} 28. Qe2 Nd4 29. Qd3 Ng4 30. Rd1 Re8) 28. Rxd1 Rd8 29. Rxd8+ Nxd8 30. Be2 Ne6 31. Bf3 b5 32. Bc6 g5 33. Bg3 Nh5 34. Bd6 Nhf4 35. Nd1 Nd3 36. Bb7 Nec5 37. Bc8 Ne4 38. Be7 {Bf5 is the strong threat.} Nxb2 ({Black should play} 38... a5 $1 $14) 39. Nxb2 $16 Bxb2 40. Bxa6 $14 {[%mdl 4096] Endgame KBB-KBN} Bd4 41. Bxb5 Bxf2+ 42. Kf1 Bb6 {[#]} (42... g4 $142 43. Bd8 Be3) 43. Bc6 $1 $18 {[%cal Rc6e4]} Nd2+ 44. Ke2 Nc4 45. Bxg5 Kg7 46. Bd5 f6 47. Bc1 ({Less strong is} 47. Bxc4 fxg5 48. Kf3 h5 $16) 47... Nd6 48. a4 {[%cal Ba2a4,Ba4a5][%mdl 32]} f5 49. Bf4 Nc8 50. Be5+ Kg6 51. Kd3 Bg1 $2 {[#]} (51... Ne7 52. Bb7 Kf7) 52. a5 Kg5 53. Bb7 Na7 54. Bd4 Bxd4 55. Kxd4 {White mates.} Nb5+ 56. Kc5 Nc7 57. Kc6 {Precision: White = 78%, Black = 42%.} 1-0

[Event "20th Dubai Open 2018"]
[Site "Dubai"]
[Date "2018.04.10"]
[Round "9"]
[White "Iturrizaga Bonelli, Eduardo"]
[Black "Adly, Ahmed"]
[Result "1/2-1/2"]
[WhiteElo "2624"]
[BlackElo "2626"]
[Annotator "TA"]
[PlyCount "68"]
[EventDate "2018.??.??"]
[EventType "swiss"]
[EventCountry "UAE"]
[SourceTitle "playchess.com"]
[Source "ChessBase"]
[SourceQuality "1"]

{[%evp 16,68,62,53,75,76,81,38,47,44,58,47,70,74,87,43,40,40,35,37,36,30,35,23,47,39,29,11,16,18,42,50,56,66,50,44,46,-12,-4,-6,0,0,0,0,10,0,29,0,0,0,0,0,0,0,0]} 1. Nf3 d5 2. d4 Nf6 3. c4 e6 4. g3 dxc4 5. Bg2 a6 6. O-O Ra7 {E04: Open Catalan: 5 Nf3} (6... Nc6 7. e3 Rb8 8. Nfd2 e5 9. Bxc6+ bxc6 10. dxe5 Ng4 11. Nxc4 Be6 12. Nbd2 h5 13. f3 Rb4 14. fxg4 Bxc4 15. Nxc4 Qxd1 16. Rxd1 Rxc4 {1-0 (40) Ding,L (2777)-Mamedyarov,S (2799) Huaian 2017}) 7. Ne5 Be7 8. a4 O-O 9. Nc3 {LiveBook: 3 Games} c5 {[#]} 10. dxc5 $146 ({Predecessor:} 10. Be3 Nd5 11. Nxd5 exd5 12. dxc5 Nc6 13. Nf3 Be6 14. Nd4 Nxd4 15. Bxd4 Ra8 {1-0 (38) Salvador,R (2443)-Bozzali,E (2148) Bergamo 2008}) 10... Bxc5 11. Nxc4 b6 12. Qxd8 Rxd8 13. Bf4 Nbd7 14. Rfd1 {Strongly threatening Bb8!} Bb7 15. Bd6 Bxd6 16. Rxd6 Bxg2 17. Kxg2 Rb8 18. Rc6 Kf8 19. b4 Ne8 20. Rd1 Ke7 21. a5 b5 22. Nd6 Rc7 23. Rxc7 Nxc7 24. Nxf7 $1 Ne8 25. Ne4 Rc8 26. Kf3 (26. Neg5 $14) 26... Rc7 27. Nfd6 {Black should prevent Nxe8.} Nxd6 28. Rxd6 $11 {[%mdl 4096] Endgame KRN-KRN} Ne5+ $1 29. Kf4 Nc6 30. Kf3 h6 31. h4 Ne5+ {The position is equal.} 32. Kf4 Nc6 33. Kf3 Ne5+ 34. Kf4 Nc6 {Precision: White = 54%, Black = 64%.} 1/2-1/2

[Event "20th Dubai Open 2018"]
[Site "Dubai"]
[Date "2018.04.10"]
[Round "9"]
[White "Oleksiyenko, Mykhaylo"]
[Black "Muthaiah AL"]
[Result "1-0"]
[WhiteElo "2621"]
[BlackElo "2372"]
[Annotator "TA"]
[PlyCount "123"]
[EventDate "2018.??.??"]
[EventType "swiss"]
[EventCountry "UAE"]
[SourceTitle "playchess.com"]
[Source "ChessBase"]
[SourceQuality "1"]

{[%evp 24,123,52,45,56,39,35,31,41,31,67,64,74,31,30,29,61,37,40,50,42,8,15,15,3,14,31,11,47,53,54,60,105,100,133,138,121,130,259,250,245,256,360,375,368,364,349,357,370,363,377,273,377,266,266,266,265,265,266,265,279,279,278,270,275,271,281,279,281,275,271,254,406,399,629,629,599,556,794,719,715,701,852,842,772,741,929,905,939,939,894,894,815,793,878,827,1170,966,29977,29978,29973,29975]} 1. e4 c5 2. Nf3 a6 3. c4 e6 4. d4 cxd4 5. Nxd4 Nf6 6. Nc3 Qc7 7. a3 b6 8. Be3 Bb7 {B41: Sicilian: Kan Variation: 5 c4} 9. f3 Be7 10. Be2 O-O 11. Rc1 d6 12. O-O Nbd7 13. b4 {LiveBook: 177 Games} Rac8 14. Qd2 Qb8 15. Rfd1 Rfe8 16. Bf1 h5 17. h3 {[#]} h4 $146 18. Bg5 Ne5 19. Na4 Ba8 20. Qe1 Ng6 21. Be3 Bd8 22. b5 a5 23. Nc6 $36 {[%mdl 2048] White has the initiative.} Bxc6 24. bxc6 Rxc6 25. Rb1 Nd7 26. c5 Nxc5 27. Bb5 $1 {[%cal Rb5c6]} Qc8 {[#]} 28. Qd2 $1 ({Much worse is} 28. Bxc6 $6 Qxc6 29. Nxc5 bxc5 $11) 28... Rf8 29. Bxc6 Qxc6 {[#]} 30. Nxb6 $1 {[%mdl 512]} Bxb6 (30... Bc7 $16) 31. Qxd6 $18 Qxd6 32. Rxd6 Nxe4 (32... Bc7 $142 33. Rc6 (33. Bxc5 Bxd6 34. Bxd6 Rd8 $14) 33... Nxe4) 33. Rdxb6 Nc3 34. R1b3 Nd5 35. Rb8 Ne5 36. Bg5 {Rxf8+ is the strong threat.} Rxb8 37. Rxb8+ {[%mdl 4096] Endgame KRB-KNN} Kh7 38. Ra8 Nc4 39. Bxh4 Nxa3 40. Rxa5 Nc4 41. Ra7 Kg6 42. Bf2 Ne5 43. Kh2 Nc6 44. Rb7 Na5 45. Rd7 Nc6 46. h4 Ne5 47. Rb7 f6 (47... Nd3 $142) 48. Bc5 Kh7 (48... Kh5 $142 49. Rxg7 Kxh4) 49. Bf8 Kg8 50. Bxg7 Nf7 51. Bxf6 Nxf6 52. Rb6 Ne5 53. Rxe6 Nfd7 54. Kh3 Kf7 55. Ra6 Nf6 56. Ra3 Nd5 57. g3 {[%cal Bg2g3,Bg3g4][%mdl 32]} Nc4 58. Ra6 Nce3 59. h5 {[%cal Bh4h5,Bh5h6,Bh6h7][%mdl 32]} Kg7 60. g4 Nf6 {[#]} 61. h6+ $1 Kg6 {[#]} (61... Kxh6 62. Rxf6+) 62. h7 $1 {Precision: White = 83%, Black = 45%.} 1-0

[Event "20th Dubai Open 2018"]
[Site "Dubai"]
[Date "2018.04.10"]
[Round "9"]
[White "Gupta, Abhijeet"]
[Black "Karthikeyan, P."]
[Result "1/2-1/2"]
[WhiteElo "2617"]
[BlackElo "2481"]
[Annotator "TA"]
[PlyCount "97"]
[EventDate "2018.??.??"]
[EventType "swiss"]
[EventCountry "UAE"]
[SourceTitle "playchess.com"]
[Source "ChessBase"]
[SourceQuality "1"]

{[%evp 17,97,25,37,17,47,39,60,-21,-10,-27,-13,-55,15,15,15,15,25,23,31,-29,-11,-26,-15,-35,-27,-12,-23,-68,-67,-56,-62,-65,-30,-30,-30,-27,-29,-21,118,0,0,0,0,0,0,0,0,0,0,0,0,-93,-95,-103,-98,-120,-116,-239,-145,-145,-145,-145,-145,-138,-136,-143,-132,-152,-119,-116,-65,-65,-8,-8,-8,-8,-8,-8,-8,-8,-8,-8]} 1. d4 Nf6 2. c4 g6 3. Nc3 Bg7 4. e4 d6 5. Nf3 O-O 6. h3 e5 7. d5 a5 8. g4 Na6 9. Bg5 Qe8 {LiveBook: 69 Games} 10. Be3 {E90: King's Indian: Classical: Early deviations and 6 h3} Kh8 11. Be2 Nd7 12. a3 $146 (12. Nd2 $14) ({Predecessor:} 12. Nd2 f5 13. f3 Ndc5 14. b3 Bd7 15. a3 c6 16. Qb1 Rc8 17. b4 cxd5 18. Nxd5 {½-½ (32) Tarnowiecki,H (2692)-Van Oosterom,J (2714) ICCF email 2002}) 12... f5 $1 $11 13. gxf5 gxf5 14. Rg1 {White wants to play exf5.} Nf6 (14... f4 $15 15. Bd2 Nf6) 15. exf5 $1 Bxf5 16. Nh4 Bd7 $1 17. Qc2 Nc5 18. Nf5 (18. O-O-O $14) 18... Bxf5 $1 19. Qxf5 Nb3 $1 {[%cal Rb3a1]} 20. Rd1 Nd4 21. Qg5 {[%csl Gg1][%cal Rg5g7] [#]} Qf7 22. Bxd4 exd4 23. Rxd4 Nh5 $1 24. Rdg4 $1 Bxc3+ ({Much weaker is} 24... Qxf2+ 25. Kd1 $11) 25. bxc3 Rae8 26. Kd1 Re5 27. Qd2 Qe8 (27... Nf4 $11 28. Bf1 b5) 28. f4 (28. Bd3 $16 Nf6 29. Rg7 (29. Qh6 Rf7 $16)) 28... Qa4+ 29. Ke1 Re4 $36 {[%mdl 2048] White must now prevent ...Nf6. Black has the initiative.} 30. f5 $1 Qxc4 {Threatens to win with ...Rfe8.} 31. Rxe4 Qxe4 32. Qg5 Qb1+ 33. Bd1 Qe4+ 34. Kd2 (34. Be2 $11 {was the only way to keep the balance.} Qb1+ 35. Bd1 Re8+ 36. Kd2 Qa2+ 37. Kc1) 34... Qf4+ $17 35. Qxf4 Nxf4 {[%mdl 4096] Endgame KRB-KRN} 36. Re1 Rxf5 ({Resist} 36... Nxh3 37. Re7 $15) 37. Re7 (37. c4 $17 {is a better defense.}) 37... Nxd5 38. Rd7 b5 39. Be2 Rf2 40. Ke1 Rh2 41. Bxb5 Nxc3 42. Bc6 Rxh3 43. Rxc7 {[#]} a4 ({Better is} 43... Ne4 $1 $17 {[%mdl 512] And now ...Rc3 would win.} 44. Bxe4 Re3+ 45. Kf2 Rxe4) 44. Bd7 Rg3 (44... Rh1+ $15 45. Kf2 Ne4+ 46. Ke3 Nc5) 45. Bf5 $11 {The position is equal.} Nb5 46. Rxh7+ Kg8 {aiming for ...Nd4.} 47. Rh3 Rxh3 48. Bxh3 Nxa3 {White should prevent ...Nb5.} 49. Bd7 {Precision: White = 49%, Black = 52%.} 1/2-1/2